<The> Valuation of life insurance products using the software package R

Gespeichert in:
Bibliographische Detailangaben
1. Verfasser: Šoltésová, Tatiana, 1975-
Format: Buchkapitel
Sprache:Slowakisch
Schlagworte:
Tags: Tag hinzufügen
Keine Tags, Fügen Sie das erste Tag hinzu!

MARC

LEADER 00000nla a2200000 4500
001 0208612
005 20240502073451.9
041 0 |a slo 
044 |a SK 
245 1 0 |a <The> Valuation of life insurance products using the software package R  |c Tatiana Šoltésová 
500 |a Abstrakt 
610 2 0 |a poistenie životné 
610 2 0 |a matematika poistná 
610 2 0 |a metódy aktuárske 
610 2 0 |a poisťovne 
610 2 0 |a riziko poistné 
100 1 |a Šoltésová, Tatiana, 1975-